Tennis Top 100 (WTA) - Statistics

General Stats
  • This quiz has been taken 693 times
    456 since last reset
  • The average score is 43 of 100
Answer Stats
Ranking Country Player % Correct
1 Poland Iga Świątek
99%
2 Belarus Aryna Sabalenka
98%
3 USA Coco Gauff
98%
4 Kazakhstan Elena Rybakina
95%
6 Tunisia Ons Jabeur
94%
9 Greece Maria Sakkari
92%
5 USA Jessica Pegula
90%
13 Latvia Jeļena Ostapenko
87%
15 China Qinwen Zheng
81%
11 Brazil Beatriz Haddad Maia
79%
10 Czechia Barbora Krejčíková
77%
25 Ukraine Elina Svitolina
77%
7 Czechia Markéta Vondroušová
77%
12 USA Madison Keys
74%
17 Switzerland Belinda Bencic
73%
30 Italy Jasmine Paolini
72%
8 Czechia Karolína Muchová
72%
22 Belarus Victoria Azarenka
70%
20 France Caroline Garcia
68%
29 Belgium Élise Mertens
64%
14 Czechia Petra Kvitová
64%
24 Poland Magda Linette
62%
35 Canada Leylah Fernandez
61%
23 Croatia Donna Vekić
60%
66 Spain Paula Badosa
58%
18 Russia Daria Kasatkina
57%
58 UK Katie Boulter
55%
32 China Xinyu Wang
55%
72 China Xiyu Wang
55%
97 China Yafan Wang
55%
39 Ukraine Marta Kostyuk
54%
37 Czechia Karolína Plíšková
53%
55 USA Danielle Collins
52%
46 Russia Mirra Andreeva
52%
49 Egypt Mayar Sherif
50%
21 Russia Ekaterina Alexandrova
49%
63 Poland Magdalena Fręch
48%
16 Russia Liudmilla Samsonova
47%
38 USA Emma Navarro
46%
41 Czechia Linda Nosková
46%
26 Romania Sorana Cîrstea
46%
51 Netherlands Arantxa Rus
44%
45 Czechia Kateřina Siniaková
44%
28 Russia Anastasia Potapova
43%
19 Russia Veronika Kudermetova
42%
27 Ukraine Anhelina Kalinina
39%
40 Croatia Petra Martić
39%
48 USA Sloane Stephens
39%
69 Kazakhstan Yulia Putintseva
39%
92 Canada Bianca Andreescu
38%
79 Colombia Camila Osorio
38%
85 Denmark Clara Tauson
38%
33 USA Sofia Kenin
38%
31 Ukraine Lesia Tsurenko
36%
52 Italy Elisabetta Cocciaretto
35%
43 Italy Martina Trevisan
34%
34 Czechia Marie Bouzková
33%
50 Spain Sara Sorribes Tormo
33%
59 Russia Anastasia Pavlyuchenkova
32%
77 Russia Anna Kalinskaya
32%
57 Germany Tatjana Maria
30%
76 Romania Irina-Camelia Begu
29%
36 China Lin Zhu
29%
64 Italy Lucia Bronzetti
28%
44 France Varvara Gracheva
28%
96 Bulgaria Viktoriya Tomova
28%
88 Belarus Aliaksandra Sasnovich
26%
56 Italy Camila Giorgi
26%
86 Germany Laura Siegemund
26%
78 Argentina Nadia Podoroska
26%
54 Russia Anna Blinkova
25%
61 France Clara Burel
25%
80 USA Taylor Townsend
25%
62 Belgium Greet Minnen
24%
84 Switzerland Viktorija Golubic
24%
60 Russia Diana Shnaider
23%
53 USA Peyton Stearns
22%
67 Romania Ana Bogdan
21%
98 Romania Jaqueline Cristian
21%
90 Japan Nao Hibino
21%
47 USA Alycia Parks
20%
89 Czechia Linda Fruhvirtová
20%
100 Slovenia Tamara Zidanšek
20%
71 Slovakia Anna Karolína Schmiedlová
19%
83 Spain Cristina Bucșa
19%
93 UK Jodie Burrage
19%
91 Austria Julia Grabher
18%
65 Spain Rebeka Masarova
17%
42 USA Caroline Dolehide
15%
75 Russia Elina Avanesyan
14%
81 USA Ashlyn Krueger
13%
68 USA Bernarda Pera
13%
74 Belgium Yanina Wickmayer
13%
94 USA Claire Liu
11%
99 Ukraine Kateryna Baindl
11%
95 Russia Kamilla Rakhimova
10%
73 Germany Tamara Korpatsch
10%
87 USA Kayla Day
9%
70 USA Lauren Davis
8%
82 USA Emina Bektas
4%
No matching quizzes found
Score Distribution
Percent of People with Each Score
Percentile by Number Answered
Your Score History
You have not taken this quiz since the last reset